Normal view
MARC view
Entry Personal Name
001 - CONTROL NUMBER
- control field: 41551
003 - CONTROL NUMBER IDENTIFIER
- control field: dpl
005 - DATE AND TIME OF LATEST TRANSACTION
- control field: 20120210144227.0
008 - FIXED-LENGTH DATA ELEMENTS
- fixed length control field: 120210|||a|||||| | ||| d
040 ## - CATALOGING SOURCE
- Original cataloging agency: dpl
- Transcribing agency: dpl
100 ## - HEADING--PERSONAL NAME
- Personal name: Ghaṭāṭe, N. M.
670 ## - SOURCE DATA FOUND
- Source citation: Work cat.: (dpl)53291: Ghaṭāṭe, N. M., Emergency, constitution, and democracy :, 2011
670 ## - SOURCE DATA FOUND
- Source citation: Work cat.: (dpl)53291: Ghaṭāṭe, N. M., Emergency, constitution, and democracy :, 2011
